000
00285nam a2200121 a 4500
005
20140414132010.0
008
110303s19uu xx 00 eng d
050
_a
VCD
_b
B23H
245
_a
Barney, Happy, mad, silly, sad.
650
_a
Emotions
650
_a
Feelings
999
_c
113250
_d
113250